Do-over! : in which a forty-eight-year-old father of three returns to kindergarten, summer camp, the prom, and other embarrassments /
Robin Hemley's childhood made a wedgie of his memory, leaving him sore and embarrassed for over forty years. He was the most pitiful kindergartner, the least spirited summer camper, and dateless for prom. In fact, there's nary an event from his youth that couldn't use improvement. If...
| Main Author: | |
|---|---|
| Format: | Book |
| Language: | English |
| Published: |
New York :
Little, Brown and Co.,
2009.
|
| Edition: | 1st ed. |
| Subjects: | |
| Online Access: | Contributor biographical information Publisher description |
MARC
| Tag | First Indicator | Second Indicator | Subfields |
|---|---|---|---|
| LEADER | 00000cam a22000008a 4500 | ||
| 001 | in00002420607 | ||
| 005 | 20151110120536.0 | ||
| 008 | 080522s2009 nyua 000 0aeng | ||
| 010 | |a 2008022588 | ||
| 020 | |a 9780316020602 | ||
| 020 | |a 0316020605 | ||
| 029 | 1 | |a CDX |b 8409354 | |
| 035 | |a (OCoLC)ocn229446215 | ||
| 035 | |a (OCoLC)229446215 | ||
| 040 | |a DLC |c DLC |d BTCTA |d YDXCP |d BKL |d JQF |d BUR |d CDX |d UtOrBLW | ||
| 049 | |a TXAM | ||
| 050 | 0 | 0 | |a PS3558.E47915 |b Z463 2009 |
| 082 | 0 | 0 | |a 813/.54 |2 22 |
| 100 | 1 | |a Hemley, Robin, |d 1958- | |
| 245 | 1 | 0 | |a Do-over! : |b in which a forty-eight-year-old father of three returns to kindergarten, summer camp, the prom, and other embarrassments / |c Robin Hemley. |
| 250 | |a 1st ed. | ||
| 263 | |a 0905 | ||
| 264 | 1 | |a New York : |b Little, Brown and Co., |c 2009. | |
| 300 | |a xvi, 319 pages : |b illustrations ; |c 22 cm. | ||
| 336 | |a text |b txt |2 rdacontent | ||
| 337 | |a unmediated |b n |2 rdamedia | ||
| 338 | |a volume |b nc |2 rdacarrier | ||
| 520 | |a Robin Hemley's childhood made a wedgie of his memory, leaving him sore and embarrassed for over forty years. He was the most pitiful kindergartner, the least spirited summer camper, and dateless for prom. In fact, there's nary an event from his youth that couldn't use improvement. If only he could do them all over a few decades later, with an adult's wisdom, perspective, and giant-like height. In the spirit of cult film classics like Billy Madison and Wet Hot American Summer, Hemley reencounters papier mâché, revisits his childhood home, and finally attends the prom--bringing readers the thrill of recapturing a misspent youth and discovering what's most important: simple pleasures, second chances, and the forgotten joys of recess.--From publisher description. | ||
| 600 | 1 | 0 | |a Hemley, Robin, |d 1958- |
| 650 | 0 | |a Authors, American |y 20th century |v Biography. | |
| 856 | 4 | 2 | |3 Contributor biographical information |u http://www.loc.gov/catdir/enhancements/fy0902/2008022588-b.html |t 0 |
| 856 | 4 | 2 | |3 Publisher description |u http://www.loc.gov/catdir/enhancements/fy0902/2008022588-d.html |t 0 |
| 938 | |a Baker and Taylor |b BTCP |n 2008022588 | ||
| 938 | |a YBP Library Services |b YANK |n 2929840 | ||
| 938 | |a Coutts Information Services |b COUT |n 8409354 |c 23.99 USD | ||
| 945 | |a PromptCat |b 714863 | ||
| 946 | |a stk | ||
| 947 | |a A14840100520 | ||
| 994 | |a 92 |b TXA | ||
| 948 | |a cataloged |b h |d 2009/6/4 |h c |e asalazar |f 10:39:29 am | ||
| 999 | |a MARS | ||
| 999 | f | f | |s 3cd78cb3-7bad-3258-aaee-428c1b2a708c |i bf7dace8-165a-3f8e-b742-c631164bd047 |t 0 |
| 952 | f | f | |p ric |a Texas A&M University |b Rellis Campus |c Joint Library Facility |d Remote Storage |t 0 |e PS3558.E47915 Z463 2009 |h Library of Congress classification |i unmediated -- volume |m A14840100520 |
| 998 | f | f | |a PS3558.E47915 Z463 2009 |t 0 |l Remote Storage |